Spotrebné funkcie a funkcie úspor

Spotrebná funkcia a funkcia úspor ako základné predpoklady pre modelovanie makroekonomických agregátov a riešenie keynesovských i neoklasických ekonomických modelov.

Gespeichert in:
Bibliographische Detailangaben
1. Verfasser: Jurga, Rastislav
Format: Buchkapitel
Sprache:Slowakisch
Schlagworte:
Tags: Tag hinzufügen
Keine Tags, Fügen Sie das erste Tag hinzu!

MARC

LEADER 00000nla$a2200000$$$4500
001 0082429
005 20240502071927.1
041 0 |a slo 
044 |a SK 
245 1 0 |a Spotrebné funkcie a funkcie úspor  |c Rastislav Jurga 
520 |a Spotrebná funkcia a funkcia úspor ako základné predpoklady pre modelovanie makroekonomických agregátov a riešenie keynesovských i neoklasických ekonomických modelov. 
610 2 0 |a dopyt agregátny 
610 2 0 |a funkcie spotrebné 
610 2 0 |a úspory 
610 2 0 |a zisk 
610 2 0 |a modely 
610 2 0 |a modelovanie 
100 1 |a Jurga, Rastislav